书目信息 |
| 题名: |
兔子扎尼
|
|
| 作者: | (摩洛哥)佚名 著 | |
| 分册: | ||
| 出版信息: | 长春 吉林出版集团股份有限公司 2017 |
|
| 页数: | 48页 | |
| 开本: | 17cm | |
| 丛书名: | 经典童话绘本 | |
| 单 册: | ||
| 中图分类: | H125.4 | |
| 科图分类: | ||
| 主题词: | 汉语拼音--儿童读物 | |
| 电子资源: | ||
| ISBN: | 978-7-5581-1416-8 | |
| 000 | 00903oam2 2200253 45 | |
| 001 | 012001012360 | |
| 005 | 20141124113749.0 | |
| 010 | @a978-7-5581-1416-8@dCNY27.80 | |
| 100 | @a20181027d2016 em y0chiy0110 ea | |
| 101 | 0 | @achi |
| 102 | @aCN@b220000 | |
| 105 | @ay z 000yy | |
| 106 | @ar | |
| 200 | 1 | @a兔子扎尼@Atu zi zha ni@f(摩洛哥)佚名著 |
| 210 | @a长春@c吉林出版集团股份有限公司@d2017 | |
| 215 | @a48页@d17cm | |
| 225 | 2 | @a经典童话绘本 |
| 330 | @a《兔子扎尼》讲述的是,在一个很久很久以前的森林王国之中,动物,人类团结的生活在一起。这里的国王有一位美丽善良的公主,现在到了公主出嫁的时刻了,勋爵兔子扎尼,利用自己的智慧,通过层层考验,最终迎娶公主,成为国王的故事。 | |
| 410 | 0 | @12001 @a经典童话绘本 |
| 606 | 0 | @a汉语拼音@x儿童读物 |
| 690 | @aH125.4@v5 | |
| 701 | 0 | @a(摩洛哥)佚名@A( mo luo ge ) yi ming@4著 |
| 801 | 0 | @aCN@b上海新华@c20191020 |
| 905 | @b1178987-90@dH125.4@e40@f4 | |
| 兔子扎尼/(摩洛哥)佚名著.-长春:吉林出版集团股份有限公司,2017 |
| 48页;17cm.-(经典童话绘本) |
| ISBN 978-7-5581-1416-8:CNY27.80 |
| 《兔子扎尼》讲述的是,在一个很久很久以前的森林王国之中,动物,人类团结的生活在一起。这里的国王有一位美丽善良的公主,现在到了公主出嫁的时刻了,勋爵兔子扎尼,利用自己的智慧,通过层层考验,最终迎娶公主,成为国王的故事。 |
| ● |
| 相关链接 |
|
|
|
|
正题名:兔子扎尼
索取号:H125.4/40
 
预约/预借
| 序号 | 登录号 | 条形码 | 馆藏地/架位号 | 状态 | 备注 |
| 1 | 1178987 | 211789876 | 第二样本阅览室/ [索取号:H125.4/40] | 在馆 | |
| 2 | 1178988 | 211789885 | 第四借阅区/ [索取号:H125.4/40] | 在馆 | |
| 3 | 1178989 | 211789894 | 第四借阅区/ [索取号:H125.4/40] | 在馆 | |
| 4 | 1178990 | 211789901 | 第四借阅区/ [索取号:H125.4/40] | 在馆 |